Цивільний процес (Запис № 386004)

МАРК-запис
000 -LEADER
fixed length control field 00754nam a22002537a 4500
001 - CONTROL NUMBER
control field 99745
003 - CONTROL NUMBER IDENTIFIER
control field UA-OsUOA
005 - DATE AND TIME OF LATEST TRANSACTION
control field 20201201225442.0
007 - PHYSICAL DESCRIPTION FIXED FIELD--GENERAL INFORMATION
fixed length control field ta
008 - FIXED-LENGTH DATA ELEMENTS--GENERAL INFORMATION
fixed length control field 20130515b un ||||| |||| 00| 0 ukr d
020 ## - INTERNATIONAL STANDARD BOOK NUMBER
International Standard Book Number 966-364-101-0
040 ## - CATALOGING SOURCE
Original cataloging agency UA-OsUOA
Language of cataloging ukr
Transcribing agency UA-OsUOA
Modifying agency UA-OsUOA
041 ## - LANGUAGE CODE
Language code of text/sound track or separate title ukr
080 ## - UNIVERSAL DECIMAL CLASSIFICATION NUMBER
Universal Decimal Classification number 347.9(075.8)
090 ## - LOCALLY ASSIGNED LC-TYPE CALL NUMBER (OCLC); LOCAL CALL NUMBER (OCLC)
Classification number (OCLC) (R) ; Classification number, CALL (RLIN) (NR) 347.9(075.8)
Local cutter number (OCLC) ; Book number/undivided call number, CALL (RLIN) Ч-75
100 ## - MAIN ENTRY--PERSONAL NAME
Personal name Чорнооченко С. І.
245 ## - TITLE STATEMENT
Title Цивільний процес
Remainder of title навчальний посібник
260 ## - PUBLICATION, DISTRIBUTION, ETC. (IMPRINT)
Place of publication, distribution, etc К.
Name of publisher, distributor, etc ЦУЛ
Date of publication, distribution, etc 2005
300 ## - PHYSICAL DESCRIPTION
Extent 472 с.
650 #7 - SUBJECT ADDED ENTRY--TOPICAL TERM
Topical term or geographic name as entry element 347 Цивільне право. Судовий устрій
Source of heading or term UDC
942 ## - ADDED ENTRY ELEMENTS (KOHA)
Koha item type Книги
Source of classification or shelving scheme Universal Decimal Classification
955 ## - COPY-LEVEL INFORMATION (RLIN)
Classification number, CCAL (RLIN) Навчальні видання
Фонди
Withdrawn status Lost status Source of classification or shelving scheme Damaged status Not for loan Home library Current library Date acquired Source of acquisition Cost, normal purchase price Inventory number Total Checkouts Full call number Barcode Date last seen Date checked out Price effective from Koha item type
    Universal Decimal Classification     АБ - Абонемент НБ АБ - Абонемент НБ 15/05/2013 25/2013 40.00 142453 1 347.9(075.8) Ч-75 142453 17/12/2021 17/02/2020 15/05/2013 Книги
    Universal Decimal Classification     АБ - Абонемент НБ АБ - Абонемент НБ 25/02/2014 8/2014 20.00 145103   347.9(075.8) Ч-75 145103 17/12/2021   25/02/2014 Книги